000 00217 a2200085 4500
020 _a9780799328530
100 _aVan Der Merwe, Marie
_965442
245 _aSterrereen
999 _c732662
_d732661
942 _w2694
_xGrace Mofokeng
_y296
_zPhillipina Naude